000 01365nam a2200361 c 4500
999 _c50680
_d50680
001 50680
003 ES-MaCES
005 20180419132341.0
008 180419s2018 sp 000 | spa d
017 _aM 7262-2018
_bDL
020 _a9788417414061
040 _aES-MaCES
_bspa
_cES-MaCES
100 1 _939048
_aSicre Gilabert, Fernando
245 1 3 _aLa inspección de trabajo y Seguridad Social
_b: la actuación inspectora y el procedimiento sancionador : actuación inspectora previa, informes, requerimientos y actas (...)
_cpr. por, José Blas Fernández Sánchez ; [autor] Fernando Sicre Gilabert
260 _aLas Rozas (Madrid)
_bSepin
_c[2018]
300 _a429 p.
_c30 cm
541 _cCompra
650 4 _ainspección del trabajo
_928213
650 4 _aadministración del trabajo
_927213
650 4 _aadministración de la seguridad social
_930264
650 4 _asanción administrativa
_931071
650 4 _asanción penal
_927055
650 4 _aprocedimiento administrativo
_930919
650 4 _aprocedimiento laboral
_930887
650 4 _aderecho del trabajo
_927165
650 4 _aderecho administrativo
_927155
650 4 _aEspaña
_926964
650 4 _arégimen jurídico
_929894
653 1 0 _aDerecho administrativo
700 1 _aFernández Sánchez, José Blas
_939049
_epr.
902 _aLIB Libro
942 _2CES
_cBK
_h6.0.2.